Guess the College Basketball Player by picture - 2012 - Statistics

General Stats
  • This quiz has been taken 15 times
  • The average score is 7 of 16
Answer Stats
Picture Answer % Correct
Nerlens Noel
100%
Otto Porter Jr.
85%
Cody Zeller
77%
Steven Adams
77%
Trey Burke
77%
Alex Len
54%
Andre Roberson
54%
Gorgui Dieng
54%
Ben Mclemore
46%
Shane Larkin
38%
Allen Crabbe
15%
Archie Goodwin
15%
Glen Rice Jr.
15%
Shabazz Muhammed
15%
Solomon Hill
15%
Carrick Felix
8%
No matching quizzes found
Score Distribution
Percent of People with Each Score
Percentile by Number Answered
Your Score History
You have not taken this quiz